000 00935nam a22002417a 4500
999 _c157600
_d157600
005 20190916152654.0
010 _aB-706476
020 _a9780143427858
_c250.00
035 _aB-706476
035 _aB-729994
037 _bPuffin Books
082 _aS
100 _aMurty, Sudha
245 _aThe serpent's revenge:
_bunusual tales from the Mahabharata /
_cSudha Murty
260 _aGurgaon
_bPuffin Books
_c2016
270 _a7th Floor, Infinity Tower C, DLF Cyber City
_bGurgaon (Haryana)
_e122002
300 _a182p.
_c20 cm(pbk)
500 _aincludes glossary
700 _aGupta, Priyankar
942 _2ddc
_cCH
_hS
_mMUR